[Event "World Blitz Women 2017"]
[Site "Riyadh KSA"]
[Date "2017.12.29"]
[Round "10.24"]
[White "Stefanova, Antoaneta"]
[Black "Batchimeg, Tuvshintugs"]
[Result "1-0"]
[WhiteTitle "GM"]
[BlackTitle "IM"]
[WhiteElo "2500"]
[BlackElo "2398"]
[WhiteFideId "2902257"]
[BlackFideId "4900839"]
[EventDate "2017.12.29"]

1. Nf3 Nf6 2. g3 g6 3. Bg2 Bg7 4. O-O O-O 5. d4 d6 6. b3 e5 7. dxe5 dxe5 8. Ba3
Qxd1 9. Rxd1 Re8 10. Nc3 e4 11. Nd2 e3 12. fxe3 Ng4 13. Nd5 Na6 14. Nc4 Be6 15.
Ne7+ Rxe7 16. Bxe7 Bxa1 17. Bxb7 Re8 18. Bxa6 Rxe7 19. Rxa1 Bxc4 20. Bxc4 Nxe3
21. Bd3 f5 22. h3 Kg7 23. Kf2 Nd5 24. a3 Nc3 25. b4 Kf6 26. a4 Ne4+ 27. Kg2 Nc3
28. Kf3 Nd5 29. b5 Ke5 30. a5 Kd6 31. Ra4 Re5 32. Rh4 h5 33. g4 hxg4+ 34. hxg4
fxg4+ 35. Rxg4 Re6 36. Rxg6 Rxg6 37. Bxg6 Kc5 38. Bd3 Nb4 39. e4 Nxd3 40. cxd3
Kxb5 41. e5 Kc5 42. Ke4 c6 43. Kf5 1-0

[Event "World Blitz Women 2017"]
[Site "Riyadh KSA"]
[Date "2017.12.29"]
[Round "10.26"]
[White "Ding, Yixin"]
[Black "Badelka, Olga"]
[Result "1-0"]
[WhiteTitle "WGM"]
[BlackTitle "WIM"]
[WhiteElo "2424"]
[BlackElo "2388"]
[WhiteFideId "8602972"]
[BlackFideId "13509926"]
[EventDate "2017.12.29"]

1. e4 c5 2. Nf3 e6 3. d4 cxd4 4. Nxd4 Nf6 5. Nc3 Nc6 6. Nxc6 bxc6 7. e5 Nd5 8.
Ne4 Qc7 9. f4 Rb8 10. c4 Bb4+ 11. Ke2 O-O 12. cxd5 cxd5 13. Nd6 f6 14. Nxc8
Rbxc8 15. Qb3 Bc5 16. exf6 Rxf6 17. Bd2 Rb8 18. Qc2 Qb6 19. b4 Bd6 20. g3 e5 21.
Bg2 exf4 22. Bxd5+ Kh8 23. gxf4 Bxf4 24. Raf1 Re8+ 25. Kd1 Qd4 26. Bb3 Qa1+ 27.
Qc1 Qd4 28. Qc3 Qd6 29. Rf2 Bxd2 30. Rxd2 Qf4 31. Qd3 Qxb4 32. Re1 Ref8 33. Qxd7
a5 34. Rg1 Rg6 35. Rxg6 hxg6 36. Qh3+ 1-0

[Event "World Blitz Women 2017"]
[Site "Riyadh KSA"]
[Date "2017.12.29"]
[Round "10.27"]
[White "Cornette, Deimante"]
[Black "Pham, Le Thao Nguyen"]
[Result "1-0"]
[WhiteTitle "IM"]
[BlackTitle "IM"]
[WhiteElo "2439"]
[BlackElo "2354"]
[WhiteFideId "12802859"]
[BlackFideId "12401226"]
[EventDate "2017.12.29"]

1. e4 Nf6 2. e5 Nd5 3. d4 d6 4. c4 Nb6 5. exd6 cxd6 6. Nc3 g6 7. h3 Bg7 8. Nf3
O-O 9. Be2 Bf5 10. O-O Nc6 11. Bg5 h6 12. Be3 d5 13. c5 Nc8 14. Qb3 e5 15. Nxe5
Nxe5 16. dxe5 Ne7 17. Rad1 Be6 18. Qxb7 Kh7 19. Bf3 Rb8 20. Qxa7 Bxe5 21. Qa3
Bc7 22. b4 Qd7 23. Qc1 Bxh3 24. Nxd5 Nxd5 25. Rxd5 Qe6 26. Bxh6 Rh8 27. Re1 Qf6
28. Bg5 Qg7 29. gxh3 Rxb4 30. Re4 Rbb8 31. Rh4+ Kg8 32. Rxh8+ Qxh8 33. Bg2 Qh5
34. Bf4 Bxf4 35. Qxf4 Rb1+ 36. Kh2 Qe2 37. Qf6 Rb8 38. Rd8+ Rxd8 39. Qxd8+ Kh7
40. Qf6 Qc4 41. c6 1-0

[Event "World Blitz Women 2017"]
[Site "Riyadh KSA"]
[Date "2017.12.29"]
[Round "10.28"]
[White "Munguntuul, Batkhuyag"]
[Black "Berend, Elvira"]
[Result "0-1"]
[WhiteTitle "IM"]
[BlackTitle "WGM"]
[WhiteElo "2397"]
[BlackElo "2303"]
[WhiteFideId "4900758"]
[BlackFideId "4000510"]
[EventDate "2017.12.29"]

1. e4 e5 2. Nf3 Nc6 3. Bb5 Nf6 4. Qe2 d6 5. c3 Be7 6. O-O O-O 7. Rd1 a6 8. Ba4
Bg4 9. h3 Bh5 10. d3 b5 11. Bc2 d5 12. Nbd2 d4 13. g4 Bg6 14. cxd4 exd4 15. Nf1
Nd7 16. Ng3 Bd6 17. Kg2 Re8 18. a3 Bxg3 19. Kxg3 f5 20. Bb3+ Kh8 21. gxf5 Bxf5
22. Qc2 Be6 23. Bg5 Bxb3 24. Qxb3 Nf6 25. Rac1 Qd6+ 26. Kg2 h6 27. Bh4 Nh5 28.
Bg3 Nf4+ 29. Kh2 Rf8 30. Nh4 Ne5 31. Qb4 Qd7 32. Qc5 Qxh3+ 33. Kg1 Nf3+ 34. Nxf3
Qg2# 0-1

[Event "World Blitz Women 2017"]
[Site "Riyadh KSA"]
[Date "2017.12.29"]
[Round "10.29"]
[White "Girya, Olga"]
[Black "Nakhbayeva, Guliskhan"]
[Result "1-0"]
[WhiteTitle "WGM"]
[BlackTitle "WGM"]
[WhiteElo "2484"]
[BlackElo "2314"]
[WhiteFideId "4195752"]
[BlackFideId "13704788"]
[EventDate "2017.12.29"]

1. d4 Nf6 2. Nf3 e6 3. Bf4 d5 4. e3 c5 5. Nbd2 Nc6 6. c3 Be7 7. Bd3 Nh5 8. Be5
Nxe5 9. dxe5 g6 10. Qa4+ Bd7 11. Bb5 a6 12. Bxd7+ Qxd7 13. Qxd7+ Kxd7 14. O-O-O
Kc7 15. h4 Ng7 16. Ng5 f6 17. exf6 Bxf6 18. e4 b5 19. Ndf3 dxe4 20. Nxe4 Be7 21.
Nfg5 h6 22. Nf7 Rhf8 23. Ne5 Rfd8 24. Nxg6 Rxd1+ 25. Rxd1 Re8 26. Re1 c4 27.
Nxe7 Rxe7 28. Nc5 Kb6 29. Ne4 h5 30. Rd1 Nf5 31. g3 a5 32. Rd8 b4 33. cxb4 axb4
34. Rb8+ Ka5 35. Ra8+ Kb5 36. Rb8+ Ka5 37. Rd8 Kb5 38. Kc2 Ra7 39. Rb8+ Kc6 40.
Rxb4 Rxa2 41. Rxc4+ Kd5 42. Nc3+ Kxc4 43. Nxa2 Nd6 44. Nc3 e5 45. Kd2 Nf5 46.
Ne4 Kd4 47. Nf6 Nd6 48. Nxh5 Nc4+ 49. Kc2 e4 50. Nf4 Ne5 51. Ne2+ Kd5 52. Nc3+
Kd4 53. h5 Ng4 54. b4 Nh6 55. b5 Kc5 56. Nxe4+ Kxb5 57. Nf6 Kc5 58. Kd3 1-0

[Event "World Blitz Women 2017"]
[Site "Riyadh KSA"]
[Date "2017.12.29"]
[Round "10.30"]
[White "Hoolt, Sarah"]
[Black "Tokhirjonova, Gulrukhbegim"]
[Result "0-1"]
[WhiteTitle "WGM"]
[BlackTitle "WGM"]
[WhiteElo "2405"]
[BlackElo "2329"]
[WhiteFideId "24606812"]
[BlackFideId "14203626"]
[EventDate "2017.12.29"]

1. e4 e5 2. Nf3 Nc6 3. Bc4 Bc5 4. d3 Nf6 5. O-O a6 6. a4 Ba7 7. a5 d6 8. Nbd2
O-O 9. h3 Ne7 10. Nh4 Kh8 11. Qf3 Ng6 12. Nf5 Be6 13. g3 Qd7 14. h4 d5 15. Bb3
c6 16. h5 Bxf5 17. exf5 Ne7 18. g4 h6 19. Qg3 Bb8 20. Qh4 Qd6 21. f4 exf4 22.
Nf3 Ba7+ 23. d4 c5 24. c3 cxd4 25. Nxd4 Qe5 26. Bxf4 Bxd4+ 27. cxd4 Qxd4+ 28.
Kh2 Qxb2+ 29. Kh1 Qxb3 30. Bxh6 Qc4 31. Bxg7+ Kxg7 32. Qg5+ Kh7 33. Qxf6 Qe4+
34. Kh2 Ng8 35. Qg5 Nh6 36. Rg1 Rg8 37. Qf6 Nxg4+ 38. Rxg4 Qxg4 39. Qxf7+ Qg7
40. Qg6+ Qxg6 41. hxg6+ Kg7 42. Rb1 Rab8 43. Rb6 Rgf8 44. Kg3 Rxf5 45. Kg4 Rf6
46. Rb4 Rxg6+ 47. Kf5 Rd6 48. Ke5 Rd7 49. Rg4+ Kf7 50. Rf4+ Ke7 51. Rh4 Rf8 52.
Rh7+ Rf7 53. Rh6 d4 54. Re6+ Kd8 55. Rh6 d3 56. Rh8+ Kc7 57. Rh6 d2 58. Rh1 d1=Q
59. Rxd1 Rxd1 60. Ke6 Rf2 0-1

[Event "World Blitz Women 2017"]
[Site "Riyadh KSA"]
[Date "2017.12.29"]
[Round "10.31"]
[White "Zimina, Olga"]
[Black "Zatonskih, Anna"]
[Result "1-0"]
[WhiteTitle "IM"]
[BlackTitle "IM"]
[WhiteElo "2415"]
[BlackElo "2452"]
[WhiteFideId "4132190"]
[BlackFideId "14101572"]
[EventDate "2017.12.29"]

1. Nf3 d5 2. c4 d4 3. g3 c5 4. Bg2 Nc6 5. O-O Nf6 6. d3 e5 7. e3 Be7 8. exd4
exd4 9. Re1 O-O 10. Ne5 Nxe5 11. Rxe5 Bd6 12. Re1 h6 13. Nd2 Rb8 14. Ne4 Nxe4
15. Bxe4 Be6 16. Qf3 Qd7 17. Bf4 Bg4 18. Qg2 Bxf4 19. gxf4 Kh8 20. Bd5 b6 21.
Re5 f6 22. Ree1 Qf5 23. Qg3 Qh5 24. Re7 Rbe8 25. Rae1 Rxe7 26. Rxe7 g5 27. fxg5
hxg5 28. Be4 Kg8 29. Rh7 1-0

[Event "World Blitz Women 2017"]
[Site "Riyadh KSA"]
[Date "2017.12.29"]
[Round "10.32"]
[White "Arakhamia-Grant, Ketevan"]
[Black "Savina, Anastasia"]
[Result "0-1"]
[WhiteTitle "GM"]
[BlackTitle "IM"]
[WhiteElo "2350"]
[BlackElo "2350"]
[WhiteFideId "13600168"]
[BlackFideId "4196872"]
[EventDate "2017.12.29"]

1. e4 e5 2. Nf3 Nc6 3. Bb5 a6 4. Ba4 Nf6 5. O-O Be7 6. Re1 b5 7. Bb3 O-O 8. a4
Bb7 9. d3 d6 10. Nbd2 Nb8 11. Nf1 Nbd7 12. axb5 axb5 13. Rxa8 Bxa8 14. Ng3 Nc5
15. Ba2 Qd7 16. Nf5 Bd8 17. h3 Ne6 18. Be3 c5 19. Qd2 Nd4 20. N3xd4 cxd4 21. Bg5
g6 22. Nh6+ Kg7 23. f4 Nh5 24. fxe5 dxe5 25. Bxd8 Qxd8 26. Rf1 Nf4 27. Ng4 f6
28. Kh2 h5 29. Nf2 Qd7 30. g3 Ne6 31. h4 Bc6 32. Nh3 Nc5 33. Qf2 Qe7 34. Qe2 Bd7
35. Nf2 Be6 36. Bxe6 Qxe6 37. Ra1 Na4 38. b3 Nc3 39. Qd2 Rf7 40. Nh3 Qg4 41. Nf2
Qf3 42. Ra6 Ne2 43. Nh3 Qxg3+ 0-1

[Event "World Blitz Women 2017"]
[Site "Riyadh KSA"]
[Date "2017.12.29"]
[Round "10.33"]
[White "Khukhashvili, Sopiko"]
[Black "Padmini, Rout"]
[Result "0-1"]
[WhiteTitle "IM"]
[BlackTitle "IM"]
[WhiteElo "2312"]
[BlackElo "2324"]
[WhiteFideId "13602055"]
[BlackFideId "5029295"]
[EventDate "2017.12.29"]

1. b4 e5 2. Bb2 e4 3. a3 Nf6 4. g3 a5 5. Bg2 axb4 6. axb4 Rxa1 7. Bxa1 Bxb4 8.
c3 Bc5 9. Nh3 O-O 10. c4 Nc6 11. Nc3 Re8 12. O-O d6 13. Nf4 Bf5 14. h3 h6 15. g4
Bh7 16. Nfd5 Nxd5 17. cxd5 Nd4 18. e3 Nf3+ 19. Bxf3 exf3 20. Qxf3 Bb4 21. Qf4
Bxc3 22. dxc3 b5 23. Qb4 Bd3 24. Rd1 Bc4 25. Rd4 Qh4 26. Kg2 Ra8 27. Qb1 Qg5 28.
e4 h5 29. Qd1 hxg4 30. hxg4 Ra2 31. Kg3 Qf6 32. f4 g5 33. fxg5 Qf2+ 0-1

[Event "World Blitz Women 2017"]
[Site "Riyadh KSA"]
[Date "2017.12.29"]
[Round "10.34"]
[White "Charkhalashvili, Inga"]
[Black "Shuvalova, Polina"]
[Result "1/2-1/2"]
[WhiteTitle "WGM"]
[BlackTitle "WIM"]
[WhiteElo "2355"]
[BlackElo "2385"]
[WhiteFideId "13601431"]
[BlackFideId "24171760"]
[EventDate "2017.12.29"]

1. d4 Nf6 2. c4 e6 3. Nf3 b6 4. g3 Ba6 5. b3 Bb4+ 6. Bd2 Be7 7. Bg2 c6 8. Bc3 d5
9. Nbd2 Nbd7 10. O-O O-O 11. Bb2 c5 12. Ne5 Rc8 13. Rc1 cxd4 14. Bxd4 Ba3 15.
Rc2 Bb4 16. Nxd7 Qxd7 17. Bxf6 gxf6 18. cxd5 Rxc2 19. Qxc2 Rc8 20. Qd1 exd5 21.
Nf3 Re8 22. Nd4 Bc5 23. Qd2 Qg4 24. Nf3 Rxe2 25. Qxd5 Rxa2 26. Rc1 Rxf2 27. Rxc5
Rxg2+ 28. Kxg2 bxc5 29. Qa8+ Kg7 30. Qxa7 Be2 31. Qb7 Bd3 32. Qd5 Be4 33. Qd1
Qf5 34. Qe2 Qd5 35. Qe3 Qc6 36. Kf2 Qd5 37. Nh4 Bc2 38. Qc3 Bxb3 39. g4 Qd4+ 40.
Qxd4 cxd4 41. Nf5+ Kg6 42. Nxd4 Be6 43. Kg3 f5 44. gxf5+ Bxf5 45. Ne2 Bd7 46.
Kf4 Bb5 47. Nd4 Bd7 48. Nf3 f6 49. Nd4 Kh5 50. Kg3 Kg5 51. h4+ Kh5 52. Ne2 Kg6
53. Kf4 Be6 54. Nd4 Bh3 55. Kg3 Bd7 56. Kf4 Kh5 57. Kg3 Kg6 58. Kf4 Kf7 59. Nf3
Ke6 60. Nd4+ Kd5 61. Nf3 Be6 62. Nd2 Bc8 63. Ne4 Ke6 64. Nc5+ Ke7 65. Ne4 Bb7
66. Ng3 Ke6 67. Nf5 Bd5 68. Ne3 Bb3 69. Ng4 h5 70. Ne3 Ba2 71. Nc2 Kd5 1/2-1/2

[Event "World Blitz Women 2017"]
[Site "Riyadh KSA"]
[Date "2017.12.29"]
[Round "10.35"]
[White "Kovanova, Baira"]
[Black "Gvetadze, Sofio"]
[Result "0-1"]
[WhiteTitle "WGM"]
[BlackTitle "IM"]
[WhiteElo "2367"]
[BlackElo "2289"]
[WhiteFideId "4164083"]
[BlackFideId "13601440"]
[EventDate "2017.12.29"]

1. Nf3 Nf6 2. g3 g6 3. Bg2 Bg7 4. d4 O-O 5. O-O c5 6. d5 d6 7. c4 Na6 8. Nc3 Nc7
9. h3 a6 10. a4 Rb8 11. a5 b5 12. axb6 Rxb6 13. Qc2 Nd7 14. e4 e5 15. Be3 h6 16.
Nd2 f5 17. f4 Ne8 18. Nf3 fxe4 19. Nxe4 exf4 20. Bxf4 Rxb2 21. Qd3 Rb6 22. Rab1
Rxb1 23. Rxb1 Ndf6 24. Nxf6+ Rxf6 25. Qd2 g5 26. Be3 Bf5 27. Rb7 Rf7 28. Rb3 Kh7
29. h4 g4 30. Ne1 Qf6 31. Rb8 Re7 32. Nd3 Qf7 33. Bf4 Qg6 34. Nf2 Qf6 35. Kh2
Qd4 36. Qa2 Re1 37. Rb7 Nf6 38. Rf7 Ne4 39. Bxe4 Bxe4 40. Be3 Rxe3 41. Nxg4 Rf3
42. Rxf3 Bxf3 43. Nf2 Be5 44. Nh3 Qxh4 45. Qf2 Qg4 46. Ng1 Be4 47. Ne2 Qf3 0-1

[Event "World Blitz Women 2017"]
[Site "Riyadh KSA"]
[Date "2017.12.29"]
[Round "10.36"]
[White "Mammadova, Gulnar"]
[Black "Ovod, Evgenija"]
[Result "1-0"]
[WhiteTitle "IM"]
[BlackTitle "IM"]
[WhiteElo "2357"]
[BlackElo "2364"]
[WhiteFideId "13403508"]
[BlackFideId "4131827"]
[EventDate "2017.12.29"]

1. e4 e5 2. Nf3 Nc6 3. Bc4 Bc5 4. O-O Nf6 5. d3 d6 6. c3 a6 7. h3 Ba7 8. Bb3 Ne7
9. Re1 Ng6 10. Nbd2 O-O 11. Nf1 h6 12. Ng3 Be6 13. Bc2 Nh7 14. d4 Qf6 15. Nh5
Qe7 16. Be3 Ng5 17. Ng3 Nxf3+ 18. Qxf3 Nh4 19. Qe2 Qf6 20. Rad1 Ng6 21. Nf5 Bxf5
22. exf5 Ne7 23. dxe5 dxe5 24. Bxa7 Rxa7 25. Qxe5 Qxe5 26. Rxe5 Nc6 27. Ree1
Raa8 28. Rd7 Rac8 29. Bb3 Nb8 30. Rd3 Rcd8 31. Rxd8 Rxd8 32. Re7 Rd2 33. Re8+
Kh7 34. Rxb8 1-0

[Event "World Blitz Women 2017"]
[Site "Riyadh KSA"]
[Date "2017.12.29"]
[Round "10.37"]
[White "Fataliyeva, Ulviyya"]
[Black "Galojan, Lilit"]
[Result "1-0"]
[WhiteTitle "WGM"]
[BlackTitle "IM"]
[WhiteElo "2384"]
[BlackElo "2300"]
[WhiteFideId "13403052"]
[BlackFideId "13301314"]
[EventDate "2017.12.29"]

1. e4 e5 2. Nf3 Nc6 3. d4 exd4 4. Nxd4 Bc5 5. Nxc6 Qf6 6. Qd2 bxc6 7. Nc3 Ne7 8.
Na4 Bd4 9. c3 Bb6 10. Bd3 O-O 11. O-O d5 12. Nxb6 axb6 13. Qe2 Ng6 14. exd5 cxd5
15. Be3 Re8 16. Qd2 Bb7 17. f4 c5 18. Bc2 Qc6 19. Qf2 Rad8 20. f5 Ne5 21. Bf4 f6
22. Rfe1 Ba6 23. Rad1 Bb7 24. h4 Kh8 25. Qg3 h6 26. Bxe5 fxe5 27. Rxe5 Qf6 28.
Rde1 Rxe5 29. Rxe5 Bc8 30. Qf4 d4 31. cxd4 cxd4 32. Bd3 Qd6 33. Re8+ Kh7 34. f6+
g6 35. Rh8+ Kxh8 36. Qxh6+ Kg8 37. Qg7# 1-0

[Event "World Blitz Women 2017"]
[Site "Riyadh KSA"]
[Date "2017.12.29"]
[Round "10.38"]
[White "Szczepkowska, Karina"]
[Black "Zozulia, Anna"]
[Result "1-0"]
[WhiteTitle "IM"]
[BlackTitle "IM"]
[WhiteElo "2419"]
[BlackElo "2316"]
[WhiteFideId "1122681"]
[BlackFideId "14102110"]
[EventDate "2017.12.29"]

1. d4 g6 2. e4 Bg7 3. Nf3 d6 4. Nc3 a6 5. a4 Nd7 6. Bc4 e6 7. O-O Ne7 8. a5 O-O
9. h3 b5 10. axb6 cxb6 11. Bf4 Nf6 12. Qe2 d5 13. Bd3 dxe4 14. Nxe4 Ned5 15. Be5
a5 16. c3 Bb7 17. Nd6 Bc6 18. Bb5 Qd7 19. c4 Nb4 20. Bxc6 Qxc6 21. Nb5 Qe4 22.
Qd2 Qc6 23. Rac1 Ne4 24. Qe3 f6 25. Bh2 Rad8 26. Rfe1 f5 27. Ne5 Qb7 28. f3 Nf6
29. b3 Rfe8 30. Bf4 Nh5 31. Bg5 Nf6 32. Red1 Nc6 33. Nd3 Qb8 34. Bf4 Qb7 35. Nd6
Rxd6 36. Bxd6 Nh5 37. Be5 Bf8 38. Nf4 Ng7 39. Kh1 Qd7 40. Qf2 Be7 41. Re1 Bb4
42. Re2 Re7 43. Bxg7 Kxg7 44. d5 exd5 45. cxd5 Ne5 46. Ne6+ Kf6 47. Rxe5 Kxe5
48. Qd4+ Kd6 49. Qxb6+ Kxd5 50. Rd1+ 1-0

[Event "World Blitz Women 2017"]
[Site "Riyadh KSA"]
[Date "2017.12.29"]
[Round "10.39"]
[White "Karavade, Eesha"]
[Black "Fierro Baquero, Martha L."]
[Result "1/2-1/2"]
[WhiteTitle "IM"]
[BlackTitle "IM"]
[WhiteElo "2384"]
[BlackElo "2369"]
[WhiteFideId "5012600"]
[BlackFideId "3600270"]
[EventDate "2017.12.29"]

1. Nf3 g6 2. e4 Bg7 3. d4 d6 4. c3 Nf6 5. Bd3 O-O 6. h3 Nc6 7. d5 Nb8 8. O-O c6
9. c4 a5 10. Nc3 Na6 11. Be3 Nd7 12. Bf4 Nac5 13. Bc2 Qb6 14. Rb1 Qb4 15. Qe2 a4
16. Bd2 Qb6 17. b4 axb3 18. axb3 Qc7 19. b4 Na6 20. Bd3 Ne5 21. Nxe5 Bxe5 22.
Rfc1 Bd7 23. b5 Nc5 24. dxc6 bxc6 25. bxc6 Bxc6 26. Nd5 Bxd5 27. cxd5 Ra2 28.
Bc4 Ra7 29. Be3 Rfa8 30. f4 Bg7 31. Qf3 Ra3 32. Bb5 Bd4 33. Re1 Qa5 34. Bc6 Rd8
35. Kh2 Nd3 36. Re2 Nc5 37. Bd2 Qa7 38. Qg4 Nd7 39. Bxd7 Qxd7 40. Qxd7 Rxd7 41.
Rb8+ Kg7 42. Be1 Ra1 43. Kg3 Rd1 44. Bf2 Bxf2+ 45. Kxf2 f5 46. exf5 gxf5 47. Rb5
Rc7 48. Re1 Rd4 49. Kf3 Kf7 50. Re3 Rd2 51. Kg3 h5 52. h4 Rd4 53. Kf3 Ra7 54.
Kg3 Rd2 55. Kf3 Raa2 56. Rb7 Rf2+ 57. Kg3 Rxg2+ 58. Kh3 Rh2+ 59. Kg3 Rag2+ 60.
Kf3 Rf2+ 61. Kg3 Rhg2+ 62. Kh3 Rh2+ 63. Kg3 1/2-1/2

[Event "World Blitz Women 2017"]
[Site "Riyadh KSA"]
[Date "2017.12.29"]
[Round "10.40"]
[White "Bivol, Alina"]
[Black "Gu, Xiaobing"]
[Result "1-0"]
[WhiteTitle "WGM"]
[BlackTitle "WGM"]
[WhiteElo "2356"]
[BlackElo "2332"]
[WhiteFideId "4100123"]
[BlackFideId "8602611"]
[EventDate "2017.12.29"]

1. Nf3 Nf6 2. g3 g6 3. Bg2 Bg7 4. O-O O-O 5. d4 d6 6. Nc3 Nbd7 7. e4 e5 8. Re1
c6 9. h3 Qc7 10. a4 Re8 11. Be3 b6 12. Qd2 Bb7 13. Rad1 Rad8 14. Bh6 Bh8 15. Bg5
exd4 16. Nxd4 a6 17. f4 b5 18. axb5 axb5 19. Qf2 b4 20. Ndb5 cxb5 21. Nxb5 Qb8
22. Nxd6 Re6 23. Nxb7 Qxb7 24. e5 Qc7 25. exf6 Rxe1+ 26. Qxe1 Qxc2 27. Kh2 h6
28. Bxh6 Bxf6 29. Bg5 Bxg5 30. fxg5 Qc7 31. Qxb4 Re8 32. Qd6 Qc2 33. Qxd7 Re2
34. Rg1 Qxb2 35. Qd8+ Kh7 36. Qf6 Qb3 37. Rf1 Kg8 38. Qd8+ Kh7 39. Qd7 Kg7 40.
Qd4+ Kg8 41. h4 Qa2 42. Rg1 Rd2 43. Qe4 Re2 44. Qg4 Re3 45. Rf1 Re2 46. Qf3 Kg7
47. h5 gxh5 48. Qf6+ Kg8 49. Qd8+ Kg7 50. Qd4+ Kg8 51. Rg1 Rd2 52. Qf6 Rf2 53.
Qh6 h4 54. Qxh4 Qd2 55. Kh3 Rf5 56. Be4 Rxg5 57. Qh7+ Kf8 58. Ra1 Qd7+ 59. Kh2
Qd2+ 60. Bg2 Ke7 61. Ra7+ Kd6 62. Ra6+ Kc5 63. Ra4 Qe2 64. Qxf7 Rh5+ 65. Kg1
Qe1+ 66. Qf1 Qe3+ 67. Qf2 Qxf2+ 68. Kxf2 Rf5+ 69. Bf3 Kd6 70. g4 Rg5 71. Kg3 Ke6
72. Ra6+ Kf7 73. Kf4 Rb5 74. g5 Rb4+ 75. Be4 Rc4 76. Ke5 Kg7 77. Ra7+ Kg8 78.
Bd5+ 1-0

[Event "World Blitz Women 2017"]
[Site "Riyadh KSA"]
[Date "2017.12.29"]
[Round "10.41"]
[White "Albzoor, Anwar"]
[Black "Danielian, Elina"]
[Result "0-1"]
[WhiteTitle "WFM"]
[BlackTitle "GM"]
[WhiteElo "1595"]
[BlackElo "2413"]
[WhiteFideId "11500522"]
[BlackFideId "13300210"]
[EventDate "2017.12.29"]

1. Nf3 Nf6 2. c4 e6 3. Nc3 b6 4. g3 Bb7 5. Bg2 Be7 6. O-O O-O 7. d3 c5 8. Rb1
Nc6 9. a3 d5 10. cxd5 exd5 11. d4 Re8 12. Bf4 Rc8 13. Bh3 Ra8 14. Nb5 Nh5 15.
Bc7 Bf6 16. Bxd8 Raxd8 17. dxc5 bxc5 18. Nc7 Re4 19. Bg2 d4 20. Nd2 Re7 21. Nb5
a6 22. Bxc6 Bxc6 23. Nxd4 cxd4 24. Nc4 g6 25. e3 Re4 26. Qb3 Bd5 27. Rbc1 Bg5
28. Qb6 d3 29. f4 Re6 30. Qxa6 Rxa6 31. Rfd1 Bf6 32. Rxd3 Ng7 33. Rcd1 Rc6 34.
Rxd5 Rxd5 35. Rxd5 Rxc4 36. b4 Ne6 37. b5 Rc3 38. a4 Rxe3 39. Kf2 Rb3 40. a5 Bd8
41. b6 Bxb6+ 42. axb6 Rxb6 43. Kf3 Kg7 44. h4 h5 45. Rd7 Kf6 46. Ke4 Rb4+ 47.
Kf3 Rb3+ 48. Kf2 Nc5 49. Rc7 Ne4+ 0-1

[Event "World Blitz Women 2017"]
[Site "Riyadh KSA"]
[Date "2017.12.29"]
[Round "10.42"]
[White "Li, Ruofan"]
[Black "Hoang, Thi Bao Tram"]
[Result "1-0"]
[WhiteTitle "IM"]
[BlackTitle "WGM"]
[WhiteElo "2351"]
[BlackElo "2410"]
[WhiteFideId "8600643"]
[BlackFideId "12401102"]
[EventDate "2017.12.29"]

1. e4 c6 2. d4 d5 3. exd5 cxd5 4. Bd3 Nc6 5. c3 g6 6. Bf4 Bg7 7. Nd2 Nf6 8. h3
O-O 9. Ngf3 a6 10. O-O Nh5 11. Bh2 Bh6 12. Re1 Be6 13. Nf1 Qd7 14. Ne3 Nf6 15.
Ne5 Nxe5 16. dxe5 Ne8 17. Nc2 Nc7 18. Nd4 Rad8 19. f4 f5 20. exf6 Rxf6 21. Nxe6
Nxe6 22. f5 Nc5 23. fxg6 hxg6 24. Bc2 Ne4 25. Qd4 Bg7 26. Be5 Qf5 27. Bxe4 dxe4
28. Qxd8+ Rf8 29. Qd5+ e6 30. Qxe4 1-0

[Event "World Blitz Women 2017"]
[Site "Riyadh KSA"]
[Date "2017.12.29"]
[Round "10.43"]
[White "Atalik, Ekaterina"]
[Black "Mamedjarova, Turkan"]
[Result "0-1"]
[WhiteTitle "IM"]
[BlackTitle "WGM"]
[WhiteElo "2451"]
[BlackElo "2260"]
[WhiteFideId "4130189"]
[BlackFideId "13402005"]
[EventDate "2017.12.29"]

1. d4 d5 2. c4 e6 3. Nf3 Nf6 4. Nc3 c6 5. e3 Bd6 6. Bd3 Nbd7 7. O-O O-O 8. Qc2
dxc4 9. Bxc4 b5 10. Be2 Bb7 11. e4 e5 12. dxe5 Nxe5 13. Nd4 Neg4 14. g3 Qb6 15.
Nf5 Bc5 16. Bf3 Rad8 17. h3 Ne5 18. Bg2 h6 19. Bf4 Nd3 20. Rad1 Nxf4 21. gxf4
Bc8 22. Ng3 Be6 23. e5 Nd5 24. Nxd5 Bxd5 25. Bxd5 cxd5 26. Qd3 f6 27. Qb3 Qe6
28. Ne4 Bb6 29. Nc3 Qxh3 30. Nxd5 Qg4+ 31. Kh2 Kh8 32. Qg3 Qh5+ 33. Kg2 fxe5 34.
fxe5 Qf5 35. Ne7 Qe4+ 36. Kh2 Rxd1 37. Ng6+ Qxg6 38. Qxg6 Rxf1 39. e6 R1xf2+ 40.
Kh3 R2f3+ 41. Kh2 Bc7+ 42. Kg2 Rf2+ 43. Kg1 Re2 44. Qg4 Bb6+ 0-1

[Event "World Blitz Women 2017"]
[Site "Riyadh KSA"]
[Date "2017.12.29"]
[Round "10.44"]
[White "Mamedjarova, Zeinab"]
[Black "Ambartsumova, Karina"]
[Result "0-1"]
[WhiteTitle "WGM"]
[BlackTitle "WGM"]
[WhiteElo "2363"]
[BlackElo "2359"]
[WhiteFideId "13401521"]
[BlackFideId "4166299"]
[EventDate "2017.12.29"]

1. d4 Nf6 2. Nf3 g6 3. g3 Bg7 4. Bg2 O-O 5. O-O d6 6. Re1 Nbd7 7. e4 e5 8. c3
Re8 9. Nbd2 b6 10. h3 Bb7 11. a4 a5 12. Qc2 Qe7 13. b3 c5 14. Bb2 Rac8 15. dxc5
dxc5 16. Nc4 Ba6 17. Bf1 Bxc4 18. Bxc4 h6 19. Rad1 Red8 20. Ba6 Rb8 21. Nd2 Nh5
22. Nc4 Nf8 23. Rxd8 Qxd8 24. Rd1 Qc7 25. Ne3 Nf6 26. Bc4 Ne6 27. Nd5 Nxd5 28.
exd5 Ng5 29. h4 Nh7 30. d6 Qd7 31. Qxg6 Nf8 32. Qe4 Rd8 33. Bb5 Qe6 34. Qd5 Qxd5
35. Rxd5 Nd7 36. c4 f6 37. f4 Kf7 38. h5 Ke6 39. Rd1 Nf8 40. f5+ Kxf5 41. Bc6
Ke6 42. Bd5+ Kxd6 43. Bc1 Ke7 44. Rf1 Ne6 45. Kg2 Nd4 46. g4 Nxb3 47. Be3 Nd4
48. Rb1 Rd6 49. Bd2 Bf8 50. Kg3 f5 51. gxf5 Nxf5+ 52. Kg4 Nd4 53. Be1 Bg7 54.
Bxa5 bxa5 55. Rb7+ Rd7 56. Rb1 Bf6 57. Rb6 Bg5 58. Rg6 Rd6 59. Rg7+ Kd8 60. Ra7
Rb6 61. Rxa5 Be7 62. Ra8+ Kd7 63. a5 Rb1 64. a6 Ra1 65. a7 Bd8 66. Bb7 Bb6 67.
Rh8 Rxa7 68. Bd5 Ra1 69. Rxh6 Rg1+ 70. Kh3 Bd8 71. Rh7+ Be7 72. h6 Nf5 73. Kh2
Rg6 74. Be4 Rxh6+ 75. Kg2 Rg6+ 76. Kf2 Rf6 77. Ke2 Ng3+ 78. Ke3 Nxe4 79. Kxe4
Kd6 80. Rh1 Rf4+ 81. Kd3 Rd4+ 82. Kc3 Bf6 83. Rh6 Ke6 84. Rh7 e4 85. Rc7 Rd3+
86. Kc2 Bd4 87. Rc6+ Ke5 88. Rc8 Rc3+ 89. Kd2 Rxc4 90. Re8+ Kd5 91. Rd8+ Kc6 92.
Re8 e3+ 93. Kd1 Ra4 94. Rc8+ Kd5 95. Rd8+ Kc4 96. Rg8 Kd3 0-1